01111nam a2200325 i 45000010005000000030009000050050017000140080039000310150017000700400041000870410014001280460009001420800008001510800007001591000024001662450124001902460077003142600056003913000028004473800016004753880014004913880014005055040012005196500022005316500026005536580028005797000039006077100042006468560097006888228KOSZ 00520220323105716.0080805s1956 pl a f 001 0 pol aPB 1956/3611 aWA NcWA NdKOSZ 005/RWdKOSZ 005/HR1 apolhger  k1956 a678 a541 aRunge, FranzeAutor10aWstęp do chemii i technologii tworzyw sztucznych /cFranz Runge ; [z jęz. niem. tł. i uzup. Stefan Chudzyński]. 1 iTyt. oryg.:aEinführung in die Chemie und Technologie der Kunststoffe  aWarszawa :bPaństwowe Wydawnictwo Naukowe,c1956. a184 s. :bil. ;c25 cm. aKsiążki a1901-2000 a1945-1989 aIndeks. 4aTworzywa sztuczne 4aTechnologia chemiczna aInżynieria i technika1 aChudzyński, StefaneTłumaczenie2 aPaństwowe Wydawnictwo Naukowe4pbl. uhttp://koha.tu.koszalin.pl/cgi-bin/koha/opac-detail.pl?biblionumber=8228yKatalog online BPK